=LDR 00000nam 2200000 4500 =001 INLIS000000000034273 =005 20130612140202 =008 ***********************************ind** =035 ##$$0010-061300000034273 =041 ##$$a ind =082 ##$$a 663.64 =090 ##$$a 663.64, Mak,s =100 ##$$a Makbullah RH, Koko =245 ##$$a Susudan Tahu Lezat Bergizi, Koko Makbullah RH., Yayat Priyati =260 ##$$a 2007 $b Jakarta =300 ##$$a iii,46 hlm., Illus, 21 cm =650 ##$$a Susu Kedelai =700 ##$$a Priyati, Yayat =850 ##$$a NBPNMAT